Movie Title by Emoji Quiz #1 - Statistics

General Stats
  • This quiz has been taken 176 times
  • The average score is 5 of 15
Answer Stats
Year Emojis Answer % Correct
1989 πŸ€πŸ§œπŸ»β€β™€οΈ The Little Mermaid
87%
1997 πŸ’ͺπŸ›οΈπŸΊ Hercules
65%
1999 πŸ”΄πŸ’ŠπŸ”΅πŸ’Š Matrix
63%
2000 🏐🏝️ Castaway
58%
1990 πŸ‘‘πŸͺ°πŸͺ° Lord of the Flies
47%
2001 πŸ‘‘πŸ’πŸ’ Lord of the Rings
47%
2008 FEπŸ§β€β™‚οΈ Iron Man
45%
2007 🦸🦸🦸🦸 Fantastic 4 Rise of the silver surfer
26%
2016 πŸ§ŸπŸš‚ Train to Busan
26%
2016 πŸ§™β€β™‚οΈπŸ’ΌπŸ‰ Fantastic Beasts and Where to Find Them
21%
2004 πŸ€ΎπŸ½β€β™€οΈπŸπŸ… Dodgeball: A True Underdog Story
16%
1992 πŸ‘§πŸ§›πŸ—‘οΈ Buffy the Vampire Slayer
12%
2008 πŸ§­β¬‡οΈπŸŒŽ Journey to the Centre of the Earth
8%
2008 🌴⚑🍹 Tropic Thunder
8%
2012 πŸŒ₯οΈπŸ‚ Skyfall
4%
No matching quizzes found
Score Distribution
Percent of People with Each Score
Percentile by Number Answered
Your Score History
You have not taken this quiz